| 000 | 01148cam a22003375i 4500 | ||
|---|---|---|---|
| 001 | 19217535 | ||
| 003 | BD-DhUL | ||
| 005 | 20170514144812.0 | ||
| 008 | 160324s2016 it a bc 001 0 eng | ||
| 010 | _a 2016468171 | ||
| 020 | _a9788887029659 | ||
| 035 | _a(casoclc)951722159 | ||
| 035 | _a(ItFiC)cas3114218 | ||
| 040 |
_aDLC _beng _cBD-DhUL _erda |
||
| 042 | _apcc | ||
| 082 |
_a523.1 _bMIB |
||
| 100 | 1 |
_aMacuga, Goshka, _d1967- _eartist. |
|
| 245 | 1 | 0 |
_aBefore the beginning and after the end : _bGoshka Macuga / _cedited by Mario Mainetti. |
| 264 | 1 |
_aMilan : _bFondazione Prada, _c[2016] |
|
| 300 |
_a291 pages : _billustrations (some color) ; _c29 cm |
||
| 336 |
_atext _2rdacontent |
||
| 337 |
_aunmediated _2rdamedia |
||
| 338 |
_avolume _2rdacarrier |
||
| 500 | _aPublished on the occasion of an exhibition held at the Fondazione Prada, Milan, Italy, February 4-June 19, 2016. | ||
| 504 | _aIncludes bibliographical references and index. | ||
| 650 | 0 |
_2beginning _abeginning |
|
| 700 | 1 |
_aMainetti, Mario, _eeditor. |
|
| 906 |
_a0 _bibc _corigres _d3 _encip _f20 _gy-gencatlg |
||
| 942 |
_2ddc _cBK |
||
| 955 | _bbd19 2016-10-11 | ||
| 999 |
_c195723 _d195723 |
||